<?xml version="1.0" encoding="utf-8"?>
<?xml-stylesheet type='text/xsl' href='./oai2.xsl'?>
<OAI-PMH xmlns="http://www.openarchives.org/OAI/2.0/" xmlns:xsi="http://www.w3.org/2001/XMLSchema-instance" xsi:schemaLocation="http://www.openarchives.org/OAI/2.0/ http://www.openarchives.org/OAI/2.0/OAI-PMH.xsd">
  <responseDate>2026-06-04T18:53:04Z</responseDate>
  <request verb="GetRecord" metadataPrefix="marcxml" identifier="record_kuniweb_21807">https://kulturerbe.niedersachsen.de/oai</request>
  <GetRecord>
    <record>
      <header>
        <identifier>record_kuniweb_21807</identifier>
        <datestamp>2015-06-19T12:07:43Z</datestamp>
        <setSpec>slg0103</setSpec>
      </header>
      <metadata>
        <marc:record xmlns:marc="http://www.loc.gov/MARC21/slim" xsi:schemaLocation="http://www.loc.gov/MARC21/slim http://www.loc.gov/standards/marcxml/schema/MARC21slim.xsd">
          <marc:leader>12345nem  22     uu 4500</marc:leader>
          <marc:controlfield tag="001">21807</marc:controlfield>
          <marc:controlfield tag="003">http://kuniweb.gbv.de</marc:controlfield>
          <marc:controlfield tag="005">2015-04-19T17:14:11</marc:controlfield>
          <marc:controlfield tag="008">|           ||||||||||||||||||||||</marc:controlfield>
          <marc:datafield tag="245" ind1="1" ind2="0">
            <marc:subfield code="a">Ducatus Brunsvicensis fereq(ue) Lunaeburgensis, Cum adjacentibus Episcopatib(us), Comit(atibus), Domin(atibus) etc(etera)</marc:subfield>
          </marc:datafield>
          <marc:datafield tag="700" ind1="1" ind2=" ">
            <marc:subfield code="a">Buno</marc:subfield>
            <marc:subfield code="d">* 1613 † 1671</marc:subfield>
            <marc:subfield code="e">Zeichner</marc:subfield>
          </marc:datafield>
          <marc:datafield tag="700" ind1="1" ind2=" ">
            <marc:subfield code="a">Merian</marc:subfield>
            <marc:subfield code="d">* 1627 † 1686</marc:subfield>
            <marc:subfield code="e">Kupferstecher</marc:subfield>
          </marc:datafield>
          <marc:datafield tag="655" ind1=" " ind2="7">
            <marc:subfield code="a">Karten</marc:subfield>
          </marc:datafield>
          <marc:datafield tag="046" ind1=" " ind2=" ">
            <marc:subfield code="k">1654</marc:subfield>
            <marc:subfield code="k">1654 Jahr der Erstveröffentlichung</marc:subfield>
          </marc:datafield>
          <marc:datafield tag="260" ind1=" " ind2=" ">
            <marc:subfield code="g">1654</marc:subfield>
            <marc:subfield code="g">1654 Jahr der Erstveröffentlichung</marc:subfield>
          </marc:datafield>
          <marc:datafield tag="300" ind1=" " ind2=" ">
            <marc:subfield code="a">Höhe: 27,5 cm
Breite: 35 cm</marc:subfield>
          </marc:datafield>
          <marc:datafield tag="520" ind1=" " ind2=" ">
            <marc:subfield code="a">Maßstäbe (in cm): 3 gewöhnliche deutsche Meilen = 4,1
Ausrichtung: Norden
Rückseite: leer

Anmerkungen: 
Die Karten auf der Grundlage von Dauthendey sind zweifelsfrei an der falsch, nämlich fast  waagerecht von Osten nach Westen, eingezeichneten Aller zu erkennen. 

Literatur in Zusammenhang:
Nachdruck der Topographie von Braunschweig-Lüneburg von 1654, hrsg. von Lucas Heinrich Wüthrich, Bärenreiter-Verlag, Kassel und Basel 1961

Veröffentlicht in:
M. Zeiller und Merian, M., „Topographia und Eigentliche Beschreibung Der Vornembsten Stäte, Schlösser auch anderer Plätze und Örter in denen Hertzogthümer[n] Braunschweig und Lüneburg, und denen dazu gehörende[n] Grafschafften Herrschafften und Landen : Cum Privilegio S. C. Maÿ.“. Matthaeus Merians S. Erben, Franckfurt//Frankfurt , 16541700. (in der Ausgabe von 1654 nach S. 4)

Literatur in Zusammenhang:
L. H. Wüthrich und Merian, M., „Register zu Merians "Topographia Germaniae" : Verzeichnis der abgebildeten Orte, der Ausgaben und der Künstler. Merian-Register. Topographia Germaniae“. Bärenreiter-Verl., Kassel [u.a.], 1967. (S. 19, 86 f.)</marc:subfield>
          </marc:datafield>
          <marc:datafield tag="650" ind1="1" ind2=" ">
            <marc:subfield code="a">Landkarte</marc:subfield>
          </marc:datafield>
          <marc:datafield tag="773" ind1="0" ind2=" ">
            <marc:subfield code="t">Sammlung Körber-Einbeck</marc:subfield>
          </marc:datafield>
          <marc:datafield tag="852" ind1=" " ind2=" ">
            <marc:subfield code="a">Institut für Historische Landesforschung der Universität Göttingen</marc:subfield>
          </marc:datafield>
          <marc:datafield tag="" ind1=" " ind2=" ">
            <marc:subfield code="a">Namensnennung-Nicht kommerziell 4.0 International (CC BY-NC 4.0))</marc:subfield>
          </marc:datafield>
        </marc:record>
      </metadata>
    </record>
  </GetRecord>
</OAI-PMH>
